Centros históricos: América Latina

保存先:
書誌詳細
団体著者: Junta de Andalucia. Consejería de Obras Públicas y Transportes (著者)
フォーマット: 図書
言語:スペイン語
出版事項: Bogotá Universidad de los Andes y Escala 1990
版:1a. ed
シリーズ:Colección SomoSur, 10
主題:
タグ: タグ追加
タグなし, このレコードへの初めてのタグを付けませんか!

MARC

LEADER 00000cam a2200000 a 4500
001 UCD8938
003 CL-VaPUC
008 170527e19900000ck |||||||||||||||||spa|d
020 |a 9589082440o.c 
020 |a 9789082572 
082 0 4 |a 727.98  |b JUN  |2 21 
110 2 |a Junta de Andalucia. Consejería de Obras Públicas y Transportes  |e author  |9 592552 
245 1 0 |a Centros históricos: América Latina 
250 |a 1a. ed 
300 |a 278 p 
942 |c BK 
945 |d 20170527 00:32:00  |a arojas 
260 |a Bogotá  |b Universidad de los Andes y Escala  |c 1990 
650 0 |a Monumentos históricos  |9 308710 
650 0 |a Edificios históricos   |9 266858 
650 0 |a Edificios patrimoniales  |9 463343 
650 0 |a Arquitectura patrimonial   |9 541020 
651 0 |a América Latina   |9 255027 
583 |a last modification  |c 20170527 00:32:00  |k Rodrigo Vera 
490 0 |a Colección SomoSur, 10 
999 |c 368244  |d 368242 
952 |0 0  |1 0  |3 erd  |4 0  |6 727_980000000000000_JUN_1990  |7 0  |8 A  |9 483517  |a BIBARQ  |b BIBARQ  |i 5378745  |o 727.98 JUN 1990  |p 5378745  |r 2025-01-20  |w 2019-11-24  |y BK  |z Catalogado en:20170527  |k ARQ